[Event "Biel Rapid op 57th"]
[Site "Biel"]
[Date "2024.07.14"]
[Round "7"]
[White "Harish, Neeraj"]
[Black "Gaehwiler, Gabriel"]
[Result "0-1"]
[WhiteElo "2123"]
[BlackElo "2398"]
[PlyCount "110"]
[EventDate "2024.07.14"]
[EventType "swiss (rapid)"]
[EventRounds "9"]
[EventCountry "SUI"]
[SourceTitle "EXT 2025"]
[Source "ChessBase"]
[SourceDate "2024.10.14"]
[SourceVersion "1"]
[SourceVersionDate "2024.10.14"]
[SourceQuality "1"]

1. e4 e5 2. Nf3 Nf6 3. d4 Nxe4 4. Bd3 d5 5. Nxe5 Nd7 6. Nxd7 Bxd7 7. Nd2 Nxd2 8. Bxd2 Qe7+ 9. Be3 0-0-0 10. 0-0 h5 11. c4 dxc4 12. Bxc4 Qf6 13. Qd2 Qg6 14. Rac1 Bd6 15. Bf4 Bh3 16. Bd5 Kb8 17. Kh1 Bf5 18. Bf3 Be4 19. Bxe4 Qxe4 20. Bxd6 Rxd6 21. Qc3 Rd7 22. Rfd1 Rhd8 23. d5 f6 24. h3 Qe5 25. Qc5 c6 26. f4 Qxf4 27. Rd4 Qd6 28. dxc6 Qxc5 29. Rxc5 Rxd4 30. c7+ Kc8 31. cxd8Q+ Kxd8 32. Rxh5 Ke7 33. Kh2 Rd2 34. Rb5 b6 35. a4 Kd6 36. Kg3 Kc6 37. b3 Rd4 38. h4 a6 39. Rf5 Rd3+ 40. Rf3 Rxf3+ 41. Kxf3 Kc5 42. Kf4 Kb4 43. Kf5 Kxb3 44. Kg6 Kxa4 45. Kxg7 b5 46. h5 b4 47. h6 b3 48. h7 b2 49. h8Q b1Q 50. Qh4+ Qb4 51. Qxb4+ Kxb4 52. Kxf6 a5 53. g4 a4 54. g5 a3 55. g6 a2 0-1

[Event "Biel Rapid op 57th"]
[Site "Biel"]
[Date "2024.07.14"]
[Round "5"]
[White "Tcheau, Alain"]
[Black "Gaehwiler, Gabriel"]
[Result "0-1"]
[WhiteElo "1991"]
[BlackElo "2398"]
[PlyCount "32"]
[EventDate "2024.07.14"]
[EventType "swiss (rapid)"]
[EventRounds "9"]
[EventCountry "SUI"]
[SourceTitle "EXT 2025"]
[Source "ChessBase"]
[SourceDate "2024.10.14"]
[SourceVersion "1"]
[SourceVersionDate "2024.10.14"]
[SourceQuality "1"]

1. d4 Nf6 2. Nc3 d5 3. e3 a6 4. f4 c5 5. Nf3 Nc6 6. Bd3 Bg4 7. Be2 Bxf3 8. Bxf3 e6 9. Qd3 Rc8 10. 0-0 cxd4 11. exd4 Nxd4 12. Be3 Nf5 13. Bf2 Bc5 14. Bxc5 Rxc5 15. Ne2 Qb6 16. Qb3 Rb5+ 0-1

[Event "Oberliga Wuerttemberg 2324"]
[Site "Wuerttemberg"]
[Date "2024.02.18"]
[Round "6.1"]
[White "Gaehwiler, Gabriel"]
[Black "Sarenac, Ivan"]
[Result "1-0"]
[WhiteElo "2383"]
[BlackElo "2376"]
[PlyCount "73"]
[EventDate "2023.09.17"]
[EventType "team-tourn"]
[EventRounds "9"]
[EventCountry "GER"]
[SourceTitle "EXT 2025"]
[Source "ChessBase"]
[SourceDate "2024.10.14"]
[SourceVersion "1"]
[SourceVersionDate "2024.10.14"]
[SourceQuality "1"]
[WhiteTeam "Boeblingen"]
[BlackTeam "Schwaebisch Hall"]
[WhiteTeamCountry "GER"]
[BlackTeamCountry "GER"]

1. d4 d5 2. c4 e6 3. Nf3 Nf6 4. g3 Be7 5. Bg2 0-0 6. Nc3 dxc4 7. Ne5 Nc6 8. Bxc6 bxc6 9. Nxc6 Qe8 10. Nxe7+ Qxe7 11. Qa4 a5 12. Qxc4 Qb4 13. b3 Bb7 14. f3 Rfd8 15. Be3 Ng4 16. Bg1 Nf6 17. Rc1 Nd5 18. Qxb4 axb4 19. Nxd5 Bxd5 20. e4 Bb7 21. Rxc7 Rxa2 22. Rxb7 Rc8 23. Kd1 h6 24. d5 exd5 25. exd5 Rc3 26. Rxb4 Ra1+ 27. Kd2 Rxf3 28. Ke2 Rff1 29. Rd4 Rfc1 30. Kf2 Kf8 31. d6 Rd1 32. Rxd1 Rxd1 33. Ke2 Rc1 34. Kd2 Rc6 35. b4 Rxd6+ 36. Kc3 Ke8 37. Bc5 1-0

[Event "Wch Blitz"]
[Site "Samarkand"]
[Date "2023.12.30"]
[Round "20"]
[White "Gareyev, Timur"]
[Black "Gaehwiler, Gabriel"]
[Result "1-0"]
[WhiteElo "2570"]
[BlackElo "2381"]
[PlyCount "70"]
[EventDate "2023.12.29"]
[EventType "swiss (blitz)"]
[EventRounds "21"]
[EventCountry "UZB"]
[SourceTitle "CBM 217 Extra"]
[Source "ChessBase"]
[SourceDate "2024.01.31"]
[SourceVersion "1"]
[SourceVersionDate "2024.01.31"]
[SourceQuality "1"]

1. e4 e5 2. f4 d5 3. exd5 exf4 4. Nf3 Ne7 5. Qe2 Qxd5 6. Nc3 Qe6 7. d4 Ng6 8. h4 h5 9. Kf2 a6 10. Ng5 Qxe2+ 11. Bxe2 Bf5 12. Bc4 f6 13. Ne6 Bxe6 14. Bxe6 Nc6 15. Re1 Be7 16. Nd5 Kd8 17. c3 Bd6 18. Bd2 Nce7 19. Rh1 Nxd5 20. Bxd5 c6 21. Be4 Ne7 22. Rae1 Kd7 23. Bc2 Rae8 24. Bb3 Nf5 25. Rxe8 Rxe8 26. Bf7 Re7 27. Bg6 Ng3 28. Re1 Rxe1 29. Bxe1 Ke7 30. Kf3 a5 31. Bd2 b6 32. Bxf4 Bxf4 33. Kxf4 Nf1 34. Bxh5 Nd2 35. Be2 b5 1-0

[Event "Wch Blitz"]
[Site "Samarkand"]
[Date "2023.12.29"]
[Round "7"]
[White "Shogdzhiev, Roman Sav"]
[Black "Gaehwiler, Gabriel"]
[Result "0-1"]
[WhiteElo "1901"]
[BlackElo "2381"]
[PlyCount "146"]
[EventDate "2023.12.29"]
[EventType "swiss (blitz)"]
[EventRounds "21"]
[EventCountry "UZB"]
[SourceTitle "CBM 217 Extra"]
[Source "ChessBase"]
[SourceDate "2024.01.31"]
[SourceVersion "1"]
[SourceVersionDate "2024.01.31"]
[SourceQuality "1"]

1. e4 c5 2. Nf3 d6 3. d4 cxd4 4. Nxd4 Nf6 5. Nc3 a6 6. g3 e5 7. Nde2 Be7 8. Bg2 0-0 9. 0-0 b6 10. Nd5 Nxd5 11. Qxd5 Ra7 12. Nc3 Be6 13. Qd1 Nd7 14. Be3 Nf6 15. a4 Rb7 16. Qd3 Qa8 17. Rfd1 Rc8 18. Nd5 Nxd5 19. exd5 Bg4 20. f3 Bh5 21. c4 Rbc7 22. b3 Bg6 23. Qe2 Qb7 24. Qf2 Rb8 25. Bf1 Bf5 26. a5 bxa5 27. Bd3 Bg6 28. Bxg6 hxg6 29. Rd3 Qc8 30. Rxa5 Rcb7 31. Qa2 Qf5 32. Qe2 Rxb3 33. Rxb3 Rxb3 34. Kg2 Qb1 35. Bf2 Rb2 36. Qe3 Qc2 37. h4 Qxc4 38. Qa7 Bf6 39. Qxa6 Qc2 40. Qa7 e4 41. Ra3 Qe2 42. Re3 exf3+ 43. Rxf3 Qe4 44. Qe3 Qxe3 45. Rxe3 Bd4 46. Rf3 f5 47. Kf1 Bxf2 48. Rxf2 Rxf2+ 49. Kxf2 Kh7 50. Kf3 Kh6 51. g4 g5 52. h5 fxg4+ 53. Kxg4 g6 54. hxg6 Kxg6 55. Kf3 Kf5 56. Kg3 Ke5 57. Kg4 Kxd5 58. Kxg5 Ke4 59. Kg4 d5 60. Kg3 Ke3 61. Kg2 Ke2 62. Kg3 d4 63. Kf4 d3 64. Ke4 d2 65. Kd4 d1Q+ 66. Ke5 Ke3 67. Kf5 Qd5+ 68. Kf6 Kf4 69. Ke7 Qc6 70. Kf7 Kf5 71. Ke7 Qc7+ 72. Ke8 Kf6 73. Kf8 Qd8# 0-1

[Event "Wch Blitz"]
[Site "Samarkand"]
[Date "2023.12.29"]
[Round "9"]
[White "Tari, Aryan"]
[Black "Gaehwiler, Gabriel"]
[Result "1/2-1/2"]
[WhiteElo "2623"]
[BlackElo "2381"]
[PlyCount "158"]
[EventDate "2023.12.29"]
[EventType "swiss (blitz)"]
[EventRounds "21"]
[EventCountry "UZB"]
[SourceTitle "CBM 217 Extra"]
[Source "ChessBase"]
[SourceDate "2024.01.31"]
[SourceVersion "1"]
[SourceVersionDate "2024.01.31"]
[SourceQuality "1"]

1. e4 c5 2. Nf3 d6 3. Bb5+ Bd7 4. c4 Nc6 5. Nc3 g6 6. d4 cxd4 7. Nxd4 Bg7 8. Be3 Nf6 9. h3 0-0 10. 0-0 e6 11. Bxc6 Bxc6 12. Nxc6 bxc6 13. Qa4 Qc7 14. Rfd1 Rfb8 15. Rd2 Ne8 16. Rad1 Rb7 17. Qa6 Rab8 18. Na4 Bxb2 19. Bf4 Be5 20. Bxe5 dxe5 21. Kh2 Nf6 22. Nc5 Rb2 23. Qa3 Rxd2 24. Rxd2 Qb6 25. Qe3 Kg7 26. Rd6 Qc7 27. Rxe6 Rd8 28. Qf3 Ng8 29. Qg3 Rd4 30. Rxe5 Rxc4 31. f4 Qd6 32. Nd3 Rc3 33. Qe1 Qxd3 34. Ra5 Rc2 35. Qa1+ Qc3 36. Qxc3+ Rxc3 37. Rxa7 Nf6 38. e5 Nd5 39. e6 Kf8 40. Rxf7+ Ke8 41. g4 Rf3 42. f5 gxf5 43. gxf5 Ne7 44. f6 Nd5 45. Rxh7 Rxf6 46. a4 Rxe6 47. a5 Re3 48. a6 Ra3 49. a7 Nb6 50. Rb7 c5 51. Rxb6 Rxa7 52. Rc6 Kf7 53. Rxc5 Kg7 54. Kg3 Kh7 55. Rc4 Rg7+ 56. Kh4 Rf7 57. Kg5 Kg7 58. Rh4 Ra7 59. Rf4 Ra5+ 60. Kg4 Kg6 61. Rc4 Rb5 62. h4 Ra5 63. h5+ Kh6 64. Rc6+ Kg7 65. Rd6 Rb5 66. Re6 Ra5 67. Rg6+ Kh7 68. Rf6 Kg7 69. Rf4 Rb5 70. Kh4 Ra5 71. Rg4+ Kh7 72. Rc4 Rb5 73. Rc6 Ra5 74. h6 Rb5 75. Ra6 Rc5 76. Kg4 Rb5 77. Rf6 Ra5 78. Rf5 Rxf5 79. Kxf5 Kxh6 1/2-1/2

[Event "Wch Rapid"]
[Site "Samarkand"]
[Date "2023.12.28"]
[Round "11"]
[White "Rojas Salas, Steven Javier"]
[Black "Gaehwiler, Gabriel"]
[Result "1-0"]
[WhiteElo "2172"]
[BlackElo "2381"]
[PlyCount "81"]
[EventDate "2023.12.26"]
[EventType "swiss (rapid)"]
[EventRounds "13"]
[EventCountry "UZB"]
[SourceTitle "CBM 217 Extra"]
[Source "ChessBase"]
[SourceDate "2024.01.31"]
[SourceVersion "1"]
[SourceVersionDate "2024.01.31"]
[SourceQuality "1"]

1. d4 Nf6 2. c4 g6 3. g3 Bg7 4. Bg2 0-0 5. Nc3 d6 6. Nf3 c6 7. 0-0 Bf5 8. Nh4 Be6 9. b3 d5 10. Nf3 h6 11. Ne5 Nbd7 12. f4 dxc4 13. e4 cxb3 14. axb3 Qb6 15. Nc4 Bxc4 16. bxc4 Nd5 17. cxd5 Qxd4+ 18. Kh1 Qxc3 19. Ra3 Qc4 20. dxc6 Qxc6 21. e5 Qc7 22. e6 fxe6 23. Qg4 Rf6 24. Bb2 e5 25. Rc1 Qb6 26. Bd5+ Kh7 27. Rb3 Qd6 28. Rd1 h5 29. Qe2 exf4 30. Bxb7 Qc7 31. Bxf6 Nxf6 32. Bxa8 fxg3 33. Rxg3 h4 34. Re3 Bf8 35. Bf3 a5 36. Re6 a4 37. Qd3 Qf4 38. Rf1 h3 39. Be4 Qg4 40. Rexf6 exf6 41. Rg1 1-0

[Event "EU-ch Blitz"]
[Site "Zagreb"]
[Date "2023.12.16"]
[Round "7"]
[White "Gaehwiler, Gabriel"]
[Black "Mamedov, Rauf"]
[Result "1/2-1/2"]
[WhiteElo "2381"]
[BlackElo "2651"]
[PlyCount "95"]
[EventDate "2023.12.16"]
[EventType "swiss (blitz)"]
[EventRounds "13"]
[EventCountry "CRO"]
[SourceTitle "CBM 217 Extra"]
[Source "ChessBase"]
[SourceDate "2024.01.31"]
[SourceVersion "1"]
[SourceVersionDate "2024.01.31"]
[SourceQuality "1"]

1. e4 c5 2. Nf3 g6 3. d4 cxd4 4. Nxd4 Nc6 5. Nc3 Bg7 6. Be3 Nf6 7. Bc4 0-0 8. Bb3 d6 9. h3 Na5 10. 0-0 a6 11. Re1 b5 12. Nd5 Nxb3 13. Nc6 Nxd5 14. exd5 Qd7 15. axb3 Bb7 16. Bg5 Bxc6 17. dxc6 Qxc6 18. Bxe7 Rfe8 19. c3 d5 20. Qf3 Qd7 21. Bc5 h5 22. Rad1 Re6 23. Rxe6 fxe6 24. Qd3 Qf7 25. Re1 e5 26. Rd1 Rd8 27. Qe2 d4 28. cxd4 exd4 29. b4 Qf5 30. Qd3 Qe6 31. Kf1 Kh7 32. Re1 Qc4 33. Rd1 Rd5 34. b3 Qxd3+ 35. Rxd3 a5 36. Be7 a4 37. bxa4 bxa4 38. Bc5 Rd8 39. Ke2 g5 40. Ra3 Ra8 41. Kd3 Kg6 42. g4 hxg4 43. hxg4 Rf8 44. Rxa4 Rf3+ 45. Ke4 Rf4+ 46. Kd3 Rf3+ 47. Ke4 Rf4+ 48. Kd3 1/2-1/2

[Event "EU-ch Blitz"]
[Site "Zagreb"]
[Date "2023.12.16"]
[Round "12"]
[White "Radovanovic, Dusan"]
[Black "Gaehwiler, Gabriel"]
[Result "0-1"]
[WhiteElo "2293"]
[BlackElo "2381"]
[PlyCount "102"]
[EventDate "2023.12.16"]
[EventType "swiss (blitz)"]
[EventRounds "13"]
[EventCountry "CRO"]
[SourceTitle "CBM 217 Extra"]
[Source "ChessBase"]
[SourceDate "2024.01.31"]
[SourceVersion "1"]
[SourceVersionDate "2024.01.31"]
[SourceQuality "1"]

1. e4 c5 2. Nf3 d6 3. d4 cxd4 4. Nxd4 Nf6 5. Nc3 a6 6. Rg1 Nc6 7. g4 h6 8. h4 g6 9. g5 hxg5 10. hxg5 Nh5 11. Be3 Bg7 12. Qd2 Nxd4 13. Bxd4 Bxd4 14. Qxd4 e5 15. Qd2 Be6 16. 0-0-0 Nf4 17. Ne2 Nxe2+ 18. Bxe2 Rh4 19. f3 Ke7 20. Kb1 Qb6 21. Rgf1 Rc8 22. f4 exf4 23. Rxf4 Rxf4 24. Qxf4 Qc5 25. Qf6+ Ke8 26. Bd3 Qe5 27. Qf2 Qxg5 28. Qb6 Qe7 29. Rh1 Qc7 30. Qd4 Ke7 31. Rf1 Qc5 32. Qf6+ Kd7 33. Rd1 Kc7 34. Re1 Kb8 35. b3 Qe5 36. Qf2 g5 37. Qb6 Qc5 38. Qxc5 Rxc5 39. Rg1 g4 40. Be2 Rg5 41. Rg3 Kc7 42. c4 Kd7 43. Kc2 Ke7 44. Kd3 Kf6 45. Ke3 Ke5 46. b4 Rh5 47. a4 Rh3 48. Rxh3 gxh3 49. c5 d5 50. Bf3 dxe4 51. Bxe4 Bd5 0-1